| 000 | 01161nam a2200349 i 4500 | ||
|---|---|---|---|
| 001 | bg | ||
| 003 | BPK | ||
| 005 | 20240405063150.0 | ||
| 008 | 050202s2004 pl |001 0 pol | ||
| 015 | _aPB 2005/1719 | ||
| 020 | _a8360038007 | ||
| 040 |
_aWA N _cBPK |
||
| 041 | 1 |
_apol _hger |
|
| 080 | _a130.2 | ||
| 080 | _a81 | ||
| 080 | _a113/119 | ||
| 100 | 1 |
_aCassirer, Ernst _d(1874-1945). |
|
| 245 | 1 | 0 |
_aSymbol i język / _cErnst Cassirer ; wyboru dokonał, przeł. i wstępem poprzedził Bolesław Andrzejewski. |
| 250 | _aWyd. 2. | ||
| 260 |
_aPoznań : _bWydaw. Naukowe Wyższej Szkoły Pedagogiki i Administracji, _c2004. |
||
| 300 |
_a124 s. ; _c21 cm. |
||
| 490 | 1 | _aKlasycy Humanistyki. | |
| 504 | _aIndeks. | ||
| 650 | 4 |
_aJęzyk _xfilozofia _y20 w. |
|
| 650 | 4 |
_aPrzestrzeń _xfilozofia _y20 w. |
|
| 650 | 4 |
_aSymbole _xfilozofia _y20 w. |
|
| 648 | 4 | _a1901-2000 | |
| 700 | 1 |
_aAndrzejewski, Bolesław _d(1946- ) _eTłumaczenie |
|
| 830 | 0 | _aKlasycy Humanistyki. | |
| 856 |
_uhttp://koha.tu.koszalin.pl/cgi-bin/koha/opac-detail.pl?biblionumber=45568 _yKatalog online BPK |
||
| 942 |
_2UKD _cKS |
||
| 999 |
_c45568 _d45568 |
||